000 00331nam a2200133Ia 4500
005 20260328104341.0
008 260328s9999||||xx |||||||||||||| ||und||
100 _aLobo, Belén
245 0 _aNebreda, Nebrada /
_cBelén Lobo
260 _bConsejo Nacional de la Cultura
300 _a110 p.
650 _aFOTOGRAFÍA
942 _cBK
999 _c12112
_d12112